000 00438nam a2200181Ia 4500
008 090123s9999 xx 000 0 und d
082 _b42649
100 _aनवरे श.ना.
245 _aपर्वणी
250 _a1
260 _c1997
300 _a278
600 _aनवरे श.ना.
630 _aपर्वणी
700 _aनवरे श.ना.
730 _aपर्वणी
942 _cBOOK
999 _c80726
_d80726